\

The guns of August : (Record no. 30500)

MARC details
000 -LEADER
fixed length control field 01035cam a2200325 a 4500
001 - CONTROL NUMBER
control field 3856828
005 - DATE AND TIME OF LATEST TRANSACTION
control field 20260223143455.0
008 - FIXED-LENGTH DATA ELEMENTS--GENERAL INFORMATION
fixed length control field 880901r19881962nyuabf b 001 0 eng
010 ## - LIBRARY OF CONGRESS CONTROL NUMBER
LC control number 88029330
020 ## - INTERNATIONAL STANDARD BOOK NUMBER
International Standard Book Number 9780241968215
040 ## - CATALOGING SOURCE
Original cataloging agency aue
Transcribing agency aue
Modifying agency aue
Description conventions rda
041 ## - LANGUAGE CODE
Language code of text/sound track or separate title eng
050 00 - LIBRARY OF CONGRESS CALL NUMBER
Classification number D530
Item number .T8 2014
100 1# - MAIN ENTRY--PERSONAL NAME
Personal name Tuchman, Barbara W.
245 14 - TITLE STATEMENT
Title The guns of August :
Statement of responsibility, etc. The classic Bestselling account of the outbreak of the first world war/
Remainder of title Barbara W. Tuchman.
264 #1 - PRODUCTION, PUBLICATION, DISTRIBUTION, MANUFACTURE, AND COPYRIGHT NOTICE
Place of production, publication, distribution, manufacture London :
Name of producer, publisher, distributor, manufacturer Penguin Books,
Date of production, publication, distribution, manufacture, or copyright notice 2014.
300 ## - PHYSICAL DESCRIPTION
Extent 566 pages:
Dimensions 20 cm.
336 ## - CONTENT TYPE
Content type term text
Content type code txt
Source rdacontent
337 ## - MEDIA TYPE
Media type term unmediated
Media type code n
Source rdamedia
338 ## - CARRIER TYPE
Carrier type term volume
Carrier type code nc
Source rdacarrier
500 ## - GENERAL NOTE
General note Originally published in 1962.
504 ## - BIBLIOGRAPHY, ETC. NOTE
Bibliography, etc. note Includes bibliographical references and index.
586 ## - AWARDS NOTE
Awards note Pulitzer Prize for General Nonfiction, 1963.
650 #0 - SUBJECT ADDED ENTRY--TOPICAL TERM
Topical term or geographic name entry element World War, 1914-1918
General subdivision Campaigns
Geographic subdivision Western Front.
650 #0 - SUBJECT ADDED ENTRY--TOPICAL TERM
Topical term or geographic name entry element World War, 1914-1918
650 #0 - SUBJECT ADDED ENTRY--TOPICAL TERM
General subdivision Europe
650 #0 - SUBJECT ADDED ENTRY--TOPICAL TERM
Topical term or geographic name entry element History
942 ## - ADDED ENTRY ELEMENTS (KOHA)
Source of classification or shelving scheme Library of Congress Classification
Suppress in OPAC No
Koha item type Books
Holdings
Withdrawn status Lost status Source of classification or shelving scheme Damaged status Not for loan Collection Home library Current library Date acquired Total checkouts Full call number Barcode Date last seen Price effective from Koha item type
    Library of Congress Classification     College of Security and Global Studies (CSGS) MAIN MAIN 02/23/2026   D530 .T8 2014 00000102 02/23/2026 02/23/2026 Books